[Event "Madrid San Viator op 25th"]
[Site "Madrid"]
[Date "2015.10.04"]
[Round "1"]
[White "Perez Sempere, Alberto"]
[Black "Bustos Bernardo, Samuel"]
[Result "0-1"]
[WhiteElo "1774"]
[BlackElo "1964"]
[PlyCount "76"]
[EventDate "2015.10.04"]
[EventType "swiss"]
[EventRounds "9"]
[EventCountry "ESP"]
[SourceTitle "CBM 169 Extra"]
[Source "ChessBase"]
[SourceDate "2015.12.18"]
[SourceVersion "1"]
[SourceVersionDate "2015.12.18"]
[SourceQuality "1"]

1. e4 c5 2. d3 d6 3. Nf3 Nf6 4. g3 Nc6 5. Bg2 e6 6. 0-0 Be7 7. Nbd2 0-0 8. Re1 Qc7 9. Nf1 b5 10. c3 Bb7 11. h4 a5 12. N1h2 a4 13. a3 Na5 14. Nd2 d5 15. Ng4 d4 16. cxd4 cxd4 17. Nxf6+ Bxf6 18. b4 Qc3 19. Rb1 Nb3 20. Nxb3 axb3 21. Rxb3 Qc6 22. Rb1 e5 23. Bb2 Qe6 24. Ra1 Be7 25. Bf3 Rab8 26. Bg4 Qg6 27. Bf5 Qd6 28. Rc1 g6 29. Bh3 f5 30. Bg2 f4 31. Rf1 Qe6 32. Kh2 Bc8 33. Kg1 Bd7 34. Re1 Rf7 35. Rc7 Rbf8 36. Kh2 fxg3+ 37. fxg3 Rf2 38. Qe2 Qh3+ 0-1

[Event "Moratalaz op 19th"]
[Site "Madrid"]
[Date "2006.09.19"]
[Round "2"]
[White "Perez Sempere, Alberto"]
[Black "Serrano Salvador, Eduardo"]
[Result "0-1"]
[WhiteElo "1927"]
[BlackElo "2348"]
[PlyCount "54"]
[EventDate "2006.09.18"]
[EventType "swiss"]
[EventRounds "9"]
[EventCountry "ESP"]
[SourceTitle "CBM 114 Extra"]
[Source "ChessBase"]
[SourceDate "2006.11.03"]
[SourceVersion "1"]
[SourceVersionDate "2006.11.03"]
[SourceQuality "1"]

1. e4 c5 2. Nf3 e6 3. d4 cxd4 4. Nxd4 Nc6 5. Nc3 a6 6. Be2 Qc7 7. 0-0 Nf6 8. Kh1 Nxd4 9. Qxd4 Bc5 10. Qd3 b5 11. Bg5 Bb7 12. f4 Rc8 13. a3 h5 14. Bxf6 gxf6 15. Bf3 Qxf4 16. Rad1 Rc7 17. Nd5 exd5 18. exd5 Bd6 19. Rde1+ Kf8 20. g3 Qg5 21. Be4 h4 22. Rf5 Qg4 23. Kg2 hxg3 24. hxg3 Qh3+ 25. Kf2 Qh2+ 26. Bg2 Bxg3+ 27. Qxg3 Rxc2+ 0-1